Écologie microbienne du sol (Record no. 15629)
[ view plain ]
| 000 -LEADER | |
|---|---|
| fixed length control field | 00373cam a2200145u 4500 |
| 040 ## - CATALOGING SOURCE | |
| Transcribing agency | CarP |
| 082 ## - DEWEY DECIMAL CLASSIFICATION NUMBER | |
| Classification number | 631 MAS 1970 A091 Or. |
| 100 1# - MAIN ENTRY--AUTHOR NAME | |
| Personal name | Dommergues, Yvon. |
| 245 10 - TITLE STATEMENT | |
| Title | Écologie microbienne du sol |
| 260 ## - PUBLICATION, DISTRIBUTION, ETC. (IMPRINT) | |
| Place of publication | Paris, |
| Name of publisher | Masson, |
| Year of publication | 1970. |
| 300 ## - PHYSICAL DESCRIPTION | |
| Number of Pages | viii, 796 p. |
| Other physical details | illus. |
| Dimensions | 25 cm. |
| 650 #0 - SUBJECT ADDED ENTRY--TOPICAL TERM | |
| Topical Term | Soil microbial ecology. |
| 700 1# - ADDED ENTRY--PERSONAL NAME | |
| Personal name | Mangenot, François, |
| 942 ## - ADDED ENTRY ELEMENTS (KOHA) | |
| Koha item type | សៀវភៅភាសាបារាំង |
| 952 ## - LOCATION AND ITEM INFORMATION (KOHA) | |
| Withdrawn status [LOCAL, KOHA] | 0 |
| Permanent Location | Date acquired | Koha item type | Lost status | Shelving location | Barcode | Current Location | Full call number |
|---|---|---|---|---|---|---|---|
| Library Block A | 2017-12-04 | សៀវភៅភាសាបារាំង | A091 | A08435 | Library Block A | 631 MAS 1970 A091 Or. |